| 000 | 00589nam a2200205 a 4500 | ||
|---|---|---|---|
| 001 | 85210 | ||
| 003 | BD-RjUL | ||
| 005 | 20250715123512.0 | ||
| 008 | 250715s1960 enka b 001 0 eng d | ||
| 035 | _a(BD-RjUL)85210 | ||
| 040 |
_aDLC _cODaWU _dOCoLC _dDLC _dBD-RjUL _beng |
||
| 041 | _aeng | ||
| 082 | 0 | 0 |
_223 _a658 _bBRE 1960 |
| 100 | 1 |
_aBrown, Wilfred, _d1908- _948781 |
|
| 245 | 1 | 0 |
_aExploration in management / _cWilfred Brown. |
| 260 |
_aLondon : _bPenguin Books, _c©1960 |
||
| 300 |
_a582p. : _billus. ; _c23 cm. |
||
| 650 | 0 |
_aIndustrial management. _948783 |
|
| 942 |
_2ddc _cBK |
||
| 999 |
_c85210 _d85210 |
||